Регионална библиотека "Любен Каравелов" - Русе

Тоталитаризмите на ХХ век в сравнителна перспектива (Запис номер 22240)

MARC детайли
000 -Лидер
Контролно поле с фиксирана дължина 03030nam a2200361 a 4500
003 - Код на организацията, давaща контролен номер
Контролно поле BLK
005 - Дата и час на последна редакция
Контролно поле 20250529144151.0
008 - Елементи от данни с фиксирана дължина
fixed length control field 180413b bul|||||r ||||||| ||bul||
020 ## - Международен стандартен номер на книга ISBN
Международен стандартен номер на книга ISBN 9789542808152
040 ## - Източник на каталожния запис
Идентификатор на билиотеката - собственик на записа BLK
041 ## - Код за език
Код за езика на текст/звукозапис или на отделно заглавие Български
Код за езика КДБФ Български
080 ## - УДК
Текстов определител УДК Авторитарни режими в ново време на основата на политически и националистически движения. Тоталитаризъм. Диктатура на определена политическа партия или група. Вж и 321.74
УДК код - определител по УДК 321.64
УДК определител (4)(091)(063)
УДК - код + определител 321.64(4)(091)(063)
080 ## - УДК
Текстов определител УДК История на Европа от 1919 г. Обща история на ХХ в.
УДК код - определител по УДК 940.5
УДК определител (063)
УДК - код + определител 940.5(063)
139 ## - Редно поле
Редна дума Тоталитаризмите на ХХ век в сравнителна перспектива
Авторски знак Тот - Т 76
245 10 - Сведения за заглавието
Заглавие Тоталитаризмите на ХХ век в сравнителна перспектива
Подзаглавни данни [Доклади от Международна конференция на тема Тоталитаризмите на XX век в сранителна перспектива. Новите реалности променят ли старите понятия? в границите на Форум Софийски диалози, ноември 2009]
Редно поле (дума) Състав. Ивайло Знеполски.
257 ## - Страна на издаване
Страна на създаване/издаване България
260 ## - Област на издателските данни
Място на издаване, разпространение и проч. София
Име на издателя, разпространителя и проч. Сиела Норма
Година на издаване 2010
9 (RLIN) 217021
Издателство - префикс ISBN 978-954-28-
300 ## - Физическа характеристика
Страници 252 с.
Илюстрации и др. с табл.
Размери/Мащаб 24 см
380 ## - Жанр
Жанр Обществени науки
490 1# - СЕРИИ (Колекции)
Име на серия Поредица Минало несвършено
500 ## - Общи забележки
Забележка Имената на прев. отбелязани на гърба на предзагл. с.<br/>Други прев.: Георги Пашов, Ралица Кариева, Георги Няголов. - Изд. на Институт за изследване на близкото минало. Дом на науките за човека и о-вото. - Съдържа докл. от: Бернар Брюнето, Стефан Куртоа, Никос Марандзидис, Марк Креймър, Ивайло Знеполски, Адам Такач, Станислав Балик, Ян Холзер, Виктор Нойман, Дариус Стола, Томас Линденбергер, Улф Брунбауер, Пиер Аснер, Антонио Елорса, Стилиян Й. Йотов, Александър Кьосев, Христо П. Тодоров.
504 ## - Забележка за наличие на библиография и др
Забележка за наличие на библиография и под. Библиогр. след отд. статии.
650 #4 - Допълнително описание по предмет – тема
Основно описание – тема или топоним Тоталитаризъм - Европа - теория и история
9 (RLIN) 266255
650 #4 - Допълнително описание по предмет – тема
Основно описание – тема или топоним История, нова - Европа
9 (RLIN) 266256
651 #4 - Допълнително описание по предмет - топоним
Географско понятие Европа
9 (RLIN) 244407
653 ## - Ключова дума – ненормативна
Ключова дума тоталитаризъм
653 ## - Ключова дума – ненормативна
Ключова дума нова история
659 ## - Тематичен бюлетин
Тематичен бюлетин Н
700 1# - Други автори (авторска отговорност)
Лично име Знеполски, Ивайло
Автороска отговорност (Описва отношението между автора и произведението) състав.
9 (RLIN) 365629
852 ## - Местоположение
Форматна сигнатура Цб 312102
Фондова буква Основен фонд - ползва се само за читалня
999 ## - СИСТЕМНИ КОНТРОЛНИ НОМЕРА
Koha biblionumber 22240
Koha biblioitemnumber 22240
942 ## - АРТИКУЛИ
Вид на библиотечния материал Книги
Скрит в OPAC Не
Периодичен библиозапис Да
Koha issues (borrowed), all copies 2
944 ## - СЪЗДАВАНЕ И РЕДАКЦИЯ на ЗАПИСА
Създаване/Редакция Редакция
Дата на регистрацията/редакция 2022-04-05
Статус, дата на статуса Цветомила Тодорова
Служител, извършил регистрацията/редакцията 30576
Наличности
Код за отписване Код за изгубен артикул Код за повреда Коз за рестрикции Код за отдаване Артикулен № Име на библиотеката - собственик Име на библиотеката, в която се намира в момента Статус (Текущо местоположение) Дата на вписване в системата Местоположение - отдел Цена в лева Инвентарен номер Систематично азбучна сигнатура Баркод Номер на екземпляра Цена в евро Служебна бележка Служебен тип на артикула Източник на класификационната схема
  Не е изгубен Не е повреден без рестрикции ползва се в читалня 36714 Регионална библиотека "Любен Каравелов" Русе Регионална библиотека "Любен Каравелов" Русе Читалня 2011-04-08 Читалня 15.00 120000750280 Ч 32/Т 76 120000750280 1 7.67 Дост: Pk Вид: Ф N: 127 Дата: 01.04.2011 Дата инв: 22.03.2017 Бележки инв: Ч2017 Книги  
  Не е изгубен Не е повреден без рестрикции заемане за дома 36715 Регионална библиотека "Любен Каравелов" Русе Регионална библиотека "Любен Каравелов" Русе Заемна - подръчен фонд 2011-12-16 Заемна - подръчен фонд 15.00 120000755417 П 32/Т 76 120000755417 2 7.67 Дост: Pk Вид: Ф N: 251 Дата: 15.12.2011 Дата инв: 02.02.2018 Бележки инв: П2018 Книги  
  Не е изгубен Не е повреден само за читалня ползва се в читалня 881262 Регионална библиотека "Любен Каравелов" Русе Регионална библиотека "Любен Каравелов" Русе Хранилище 2022-04-12 Основен фонд - ползва се само за читалня 15.00   Цб 312102 120000870848   7.67   Книги Universal Decimal Classification
Vip Innovations Ltd, Rousse, Bulgaria 2025